Autocracy, capitalism, and revolution in Russia /

Bibliographic Details
Main Author: McDaniel, Tim
Format: Book
Language:English
Published: Berkeley : University of California Press, [1988]
Subjects:

MARC

Tag First Indicator Second Indicator Subfields
LEADER 00000cam a2200000 a 4500
001 in00000020162
005 20151007053834.0
008 861128s1988 cau b s00110 eng
010 |a  86030790  
020 |a 0520055322 
035 |a (OCoLC)15017440 
035 |9 AAB2998AM 
040 |a DLC  |c DLC  |d TXA  |d UtOrBLW 
043 |a e-ur--- 
049 |a TXAM  |c [A11467995] 
050 0 0 |a HD8526  |b .M385 1988 
082 0 |a 322.4/2/0947  |2 19 
100 1 |a McDaniel, Tim. 
245 1 0 |a Autocracy, capitalism, and revolution in Russia /  |c Tim McDaniel. 
264 1 |a Berkeley :  |b University of California Press,  |c [1988] 
264 4 |c ©1988 
300 |a xi, 500 pages ;  |c 24 cm. 
336 |a text  |b txt  |2 rdacontent 
337 |a unmediated  |b n  |2 rdamedia 
338 |a volume  |b nc  |2 rdacarrier 
504 |a Bibliography: pages [473]-491. 
500 |a Includes index. 
650 0 |a Working class  |z Russia  |x History. 
651 0 |a Russia  |x Economic conditions  |y 1861-1917. 
650 0 |a Labor policy  |z Russia  |x History. 
999 |a MARS 
999 f f |s dea5c65d-74b1-30eb-8c4e-3a0e41de62db  |i 63839cb5-9caf-3183-ae8a-b46a710abdae  |t 0 
952 f f |p ric  |a Texas A&M University  |b Rellis Campus  |c Joint Library Facility  |d Remote Storage  |t 0  |e HD8526 .M385 1988  |h Library of Congress classification  |i unmediated -- volume  |m A14811467995 
998 f f |a HD8526 .M385 1988  |t 0  |l Remote Storage